Southville International School and Colleges
Your cart is empty.
  • Cart
  • Lists
    Public lists list_1 View all
    Your lists Log in to create your own lists
  • Log in to your account
  • Your cookies
  • Search history
Southville International School and Colleges
  • Advanced search
  • Recent comments
  • Most popular
  • Libraries

Log in to your account

Log in with GOOGLE


If you do not have an external account, but do have a local account, you can still log in:

  1. Home
  2. MARC view: Laboratory manual in microbiology and parasitology fro nursing students /
Normal view MARC view ISBD view

Laboratory manual in microbiology and parasitology fro nursing students / (Record no. 283869)

[ view plain ]
MARC details
000 -LEADER
fixed length control field 00800nam a2200241 a 4500
003 - CONTROL NUMBER IDENTIFIER
control field PILC
005 - DATE AND TIME OF LATEST TRANSACTION
control field 20150506161841.0
008 - FIXED-LENGTH DATA ELEMENTS--GENERAL INFORMATION
fixed length control field 100309s19uu xx 00 eng d
020 ## - INTERNATIONAL STANDARD BOOK NUMBER
International Standard Book Number 9789715845502
050 ## - LIBRARY OF CONGRESS CALL NUMBER
Classification number QR 65
Item number .B675 2007
100 ## - MAIN ENTRY--PERSONAL NAME
Personal name Bognot, Filipinas L.
245 ## - TITLE STATEMENT
Title Laboratory manual in microbiology and parasitology fro nursing students /
Statement of responsibility, etc Filipinas L. Bognot [and 4 others].
260 ## - PUBLICATION, DISTRIBUTION, ETC. (IMPRINT)
Place of publication, distribution, etc Quezon City :
Name of publisher, distributor, etc C & E Publishing, Inc,
Date of publication, distribution, etc 2007.
300 ## - PHYSICAL DESCRIPTION
Extent xvii, 156 pages :
Dimensions 26 cm.
Other physical details illustrations ;
650 ## - SUBJECT ADDED ENTRY--TOPICAL TERM
Topical term or geographic name as entry element Microbiology
General subdivision Handbooks, manuals, etc.
650 ## - SUBJECT ADDED ENTRY--TOPICAL TERM
Topical term or geographic name as entry element Parasitology
General subdivision Handbooks, manuals, etc.
700 ## - ADDED ENTRY--PERSONAL NAME
Personal name Goce, Evelyn E.
700 ## - ADDED ENTRY--PERSONAL NAME
Personal name Munoz, Dioned S.
700 ## - ADDED ENTRY--PERSONAL NAME
Personal name Gonzales, Remedios S.
700 ## - ADDED ENTRY--PERSONAL NAME
Personal name Mergal, Zenaida F.
942 ## - ADDED ENTRY ELEMENTS (KOHA)
Koha item type Books
Source of classification or shelving scheme Library of Congress Classification
Holdings
Withdrawn status Lost status Source of classification or shelving scheme Damaged status Home library Current library Shelving location Date acquired Source of acquisition Total Checkouts Full call number Barcode Date last seen Price effective from Koha item type
    Library of Congress Classification   Southville International School Affiliated with Foreign Universities Library Southville International School Affiliated with Foreign Universities Library Southville Foreign University Section 05/06/2015 Library Fund   QR 65 .B675 2007 SFU1898 05/15/2018 05/06/2015 Books

Laboratory manual in microbiology and parasitology fro nursing students /

APA

Bognot F. L., Goce E. E., Munoz D. S., Gonzales R. S. & Mergal Z. F. (2007). Laboratory manual in microbiology and parasitology fro nursing students. Quezon City: C & E Publishing, Inc.

Chicago

Bognot Filipinas L, Goce Evelyn E, Munoz Dioned S, Gonzales Remedios S and Mergal Zenaida F. 2007. Laboratory manual in microbiology and parasitology fro nursing students. Quezon City: C & E Publishing, Inc.

Harvard

Bognot F. L., Goce E. E., Munoz D. S., Gonzales R. S. and Mergal Z. F. (2007). Laboratory manual in microbiology and parasitology fro nursing students. Quezon City: C & E Publishing, Inc.

MLA

Bognot Filipinas L, Goce Evelyn E, Munoz Dioned S, Gonzales Remedios S and Mergal Zenaida F. Laboratory manual in microbiology and parasitology fro nursing students. Quezon City: C & E Publishing, Inc. 2007.

  • Place hold
  • Print
  • Cite
  • Add to your cart (remove)
  • Save record
    BIBTEX Dublin Core MARCXML MARC (non-Unicode/MARC-8) MARC (Unicode/UTF-8) MARC (Unicode/UTF-8, Standard) MODS (XML) RIS
  • More searches
    Search for this title in:
    Other Libraries (WorldCat) Other Databases (Google Scholar) Online Stores (Bookfinder.com) Open Library (openlibrary.org)

Exporting to Dublin Core...

SOUTHVILLE LIBRARY

Southville International School and Colleges Library

1281 Tropical Ave. Cor. Luxembourg St., BF Homes International, Las Pinas City

Tel. No. 8256374 / 252358 Loc. 117/146

Powered by Koha